Data structures and algorithms in Java /

Bibliographic Details
Main Author: Goodrich, Michael T.
Other Authors: Tamassia, Roberto, 1960-
Format: Book
Language:English
Published: Hoboken, NJ : Wiley, 2004. [Reprinted 2010]
Edition:3rd ed.
Subjects:
Classic Catalogue: View this record in Classic Catalogue
LEADER 01826nam a2200325 a 4500
001 13443847
008 100711r20102004njua b 001 0 eng d
010 |a  2003071070 
020 |a 9788126515226 
020 |a 0471469831 (cloth) 
040 |a DLC  |c DLC  |d DLC  |d BD-DhAAL 
082 0 0 |a 005.7/3  |2 22 
100 1 |a Goodrich, Michael T. 
245 1 0 |a Data structures and algorithms in Java /  |c Michael T. Goodrich, Roberto Tamassia. 
250 |a 3rd ed. 
260 |a Hoboken, NJ :  |b Wiley,  |c 2004. [Reprinted 2010] 
300 |a xvii, 681 p. :  |b ill. ;  |c 25 cm. 
504 |a Includes bibliographical references (p. [667]-671) and index. 
541 1 |e 00020600 
650 0 |a Java (Computer program language) 
650 0 |a Data structures (Computer science) 
650 0 |a Computer algorithms. 
700 1 |a Tamassia, Roberto,  |d 1960- 
852 4 |a Ayesha Abed Library  |j General shelf 
999 |c 10572  |d 10572 
952 |0 0  |1 0  |2 ddc  |4 0  |6 005_730000000000000_GOO  |7 0  |9 15841  |a BRACUL  |b BRACUL  |c GEN  |d 2011-03-24  |g 530.00  |l 16  |m 181  |o 005.73 GOO  |p 3010020600  |q 2026-06-02  |r 2026-01-17  |s 2026-01-17  |t 1  |v 530.00  |w 2011-03-24  |y BK 
952 |0 0  |1 0  |2 ddc  |4 0  |6 005_730000000000000_GOO  |7 0  |9 15842  |a BRACUL  |b BRACUL  |c GEN  |d 2011-03-24  |g 530.00  |l 26  |m 312  |o 005.73 GOO  |p 3010020601  |r 2025-10-11  |s 2025-05-25  |t 2  |v 530.00  |w 2011-03-24  |y BK 
952 |0 0  |1 3  |2 ddc  |4 0  |6 005_730000000000000_GOO  |7 0  |9 15843  |a BRACUL  |b BRACUL  |c GEN  |d 2011-03-24  |g 530.00  |l 13  |m 172  |o 005.73 GOO  |p 3010020599  |r 2022-06-18  |s 2020-01-18  |t 3  |v 530.00  |w 2011-03-24  |y BK 
952 |0 0  |1 0  |2 ddc  |4 0  |6 005_730000000000000_GOO_2010  |7 0  |9 15844  |a BRACUL  |b BRACUL  |c GEN  |d 2011-03-24  |l 17  |m 184  |o 005.73 GOO  |p 3010020602  |r 2026-03-04  |s 2026-02-24  |t 4  |w 2011-03-24  |y BK 
952 |0 0  |1 0  |2 ddc  |4 0  |6 005_730000000000000_GOO_2010  |7 0  |9 15967  |a BRACUL  |b BRACUL  |c GEN  |d 2011-04-03  |l 20  |m 184  |o 005.73 GOO  |p 3010020598  |r 2025-11-16  |s 2025-11-03  |t 5  |w 2011-04-03  |y BK